Video Games - Lyrics - Statistics

General Stats
  • This quiz has been taken 20 times
  • The average score is 276 of 385
Answer Stats
Answer % Correct
I
93%
in
93%
In
93%
the
93%
you
93%
"You
93%
you,
93%
your
93%
a
86%
all
79%
do
79%
He
79%
me
79%
on
79%
tell
79%
Tell
79%
up
79%
And
71%
and
71%
backyard
71%
car
71%
for
71%
game."
71%
game
71%
"Get
71%
get
71%
if
71%
is
71%
It's
71%
it's
71%
knew
71%
like
71%
my
71%
of
71%
play
71%
Swinging
71%
that
71%
They
71%
things
71%
time
71%
video
71%
Video
71%
was
71%
arms
64%
beer
64%
better
64%
even
64%
ever
64%
fast
64%
friends
64%
games
64%
Go
64%
his
64%
living
64%
Living
64%
loving
64%
now
64%
Now
64%
Now,
64%
old
64%
Old
64%
Only
64%
Open
64%
Pull
64%
say,
64%
say
64%
than
64%
true?
64%
two
64%
wanna
64%
with
64%
Baby,
57%
bad
57%
bars
57%
big
57%
built
57%
downtown
57%
earth
57%
Everything
57%
girls
57%
heard
57%
Heaven
57%
here
57%
holds
57%
Honey,
57%
I'm
57%
kiss
57%
name
57%
over
57%
place
57%
Put
57%
Singing
57%
somebody
57%
sundress
57%
This
57%
this
57%
undressed
57%
Watching
57%
world
57%
worth
57%
am
50%
body
50%
Drunk
50%
fame
50%
favorite
50%
idea
50%
our
50%
out
50%
perfume
50%
Playing
50%
stars
50%
Take
50%
think
50%
Whistling
50%
bestest."
43%
fall
43%
fun
43%
Lean
43%
seeing
43%
blue
36%
dark
36%
Kissing
36%
Paul's
36%
pool
36%
wild
36%
darts
29%
No matching quizzes found
Score Distribution
Percent of People with Each Score
Percentile by Number Answered
Your Score History
You have not taken this quiz